000 00500nam a2200193Ia 4500
003 IIN
005 20251127130015.0
008 250408s9999 xx 000 0 und d
020 _cRs.550.00
_a9789390619269
040 _aIIN
_bEnglish
082 _a428.0071
_bSHA
100 1 _aSharma, Liza
245 1 _aCommunicative English
_bfor Nurses
_cby Liza Sharma
250 _a3rd ed
260 _bCBS
_aNew Delhi
_c2022
300 _axxv, 506 p.
_bcol. ill.
650 1 _aEnglish
_vNurses
942 _cBOOK
999 _c1739
_d1739